[Event "IECC CL5-2010.01 email"]
[Site "IECC email"]
[Date "2010.03.06"]
[Round "?"]
[White "Manis, Hugh"]
[Black "Jewell, Barry"]
[Result "1-0"]
[WhiteElo "1440"]
[BlackElo "1506"]
[PlyCount "67"]
[EventDate "2010.??.??"]
[EventType "tourn (corr)"]
[EventRounds "4"]
[SourceTitle "Telechess CBM 149"]
[Source "ChessBase"]
[SourceDate "2012.07.17"]
[SourceVersion "1"]
[SourceVersionDate "2012.07.17"]
[SourceQuality "1"]
[WhiteTeam "US of America"]
[BlackTeam "Canada"]
[WhiteTeamCountry "USA"]
[BlackTeamCountry "CAN"]

1. c4 e5 2. Nc3 Nc6 3. Nf3 Nf6 4. e4 Bb4 5. Bd3 d6 6. a3 Bxc3 7. dxc3 a5 8. 0-0 0-0 9. Be3 Bg4 10. h3 Bh5 11. b3 Bg6 12. Qc2 Qd7 13. Nh4 Bh5 14. c5 dxc5 15. Bxc5 Rfd8 16. Bb5 b6 17. Nf5 Nb4 18. axb4 Qxb5 19. Be7 Qd3 20. Qc1 Nxe4 21. Bxd8 Rxd8 22. Re1 Nd2 23. Rxe5 g6 24. Nd4 Ne4 25. Nc6 Ra8 26. bxa5 b5 27. Nb4 Qd6 28. Rxe4 c5 29. Qe3 cxb4 30. Re8+ Rxe8 31. Qxe8+ Kg7 32. a6 bxc3 33. a7 Bf3 34. gxf3 1-0

[Event "Swiss-547.1.07"]
[Site "IECC email"]
[Date "2009.10.17"]
[Round "?"]
[White "Manis, Hugh"]
[Black "Kinna, Michael"]
[Result "0-1"]
[WhiteElo "1414"]
[BlackElo "1660"]
[PlyCount "112"]
[EventDate "2009.??.??"]
[EventType "tourn (corr)"]
[SourceTitle "Telechess CBM 149"]
[Source "ChessBase"]
[SourceDate "2012.07.17"]
[SourceVersion "1"]
[SourceVersionDate "2012.07.17"]
[SourceQuality "1"]
[WhiteTeam "US of America"]
[BlackTeam "Australia"]
[WhiteTeamCountry "USA"]
[BlackTeamCountry "AUS"]

1. c4 Nf6 2. Nc3 e5 3. Nf3 Nc6 4. d4 exd4 5. Nxd4 Bb4 6. Nxc6 bxc6 7. e3 0-0 8. Bd3 Bxc3+ 9. bxc3 Rb8 10. 0-0 Re8 11. Ba3 d6 12. Qa4 c5 13. Qxa7 Bd7 14. Bc1 Ra8 15. Qb7 Ng4 16. Be2 Ne5 17. Qb3 Ba4 18. Qb2 Qh4 19. Qb7 Bc6 20. Qxc7 Qe4 21. f3 Qc2 22. Bd1 Qxc3 23. Rb1 Qxc4 24. Bb3 Qd3 25. Rb2 Rac8 26. Qa7 Qg6 27. Bc2 Qf6 28. Qa6 Ra8 29. Qe2 d5 30. Rd1 d4 31. f4 Ng6 32. Qh5 dxe3 33. Bxg6 hxg6 34. Qxc5 Rac8 35. Qb6 Qxf4 36. Re1 Qh4 37. Qb4 Re4 38. g3 Rxb4 39. gxh4 Rxb2 40. Bxb2 Re8 41. Bc1 e2 42. Kf2 Bb5 43. a4 Ba6 44. a5 f6 45. Bd2 Re4 46. Rb1 Rxh4 47. Rb6 Bc4 48. Rb4 g5 49. Ke1 Kf7 50. Ra4 Ba6 51. Rxh4 gxh4 52. h3 g5 53. Kf2 Kg6 54. Ke3 f5 55. Kf3 Kh5 56. Kf2 g4 0-1

[Event "IECC CL6-2009.24 email"]
[Site "IECC email"]
[Date "2009.09.28"]
[Round "?"]
[White "Manis, Hugh"]
[Black "Kawagoe, Toshiji"]
[Result "0-1"]
[WhiteElo "1370"]
[BlackElo "1351"]
[PlyCount "30"]
[EventDate "2009.??.??"]
[EventType "tourn (corr)"]
[EventRounds "4"]
[SourceTitle "Corr 2013"]
[Source "ChessBase"]
[SourceDate "2012.11.12"]
[SourceVersion "1"]
[SourceVersionDate "2012.11.12"]
[SourceQuality "1"]
[WhiteTeam "Italy"]
[BlackTeam "Germany"]
[WhiteTeamCountry "ITA"]
[BlackTeamCountry "GER"]

1. g3 g6 2. Bg2 Bg7 3. e4 c5 4. Nc3 Nc6 5. d3 d6 6. f4 Nf6 7. Nge2 0-0 8. 0-0 Rb8 9. f5 b5 10. Bd2 b4 11. Na4 Nd7 12. a3 bxa3 13. Rxa3 Bxb2 14. Nxb2 Rxb2 15. Bh6 Re8 0-1

[Event "IECC CL6-2009.19 email"]
[Site "IECC email"]
[Date "2009.08.10"]
[Round "?"]
[White "D'Aragona, Vittoria"]
[Black "Manis, Hugh"]
[Result "0-1"]
[WhiteElo "1991"]
[BlackElo "1336"]
[PlyCount "54"]
[EventDate "2009.??.??"]
[EventType "tourn (corr)"]
[EventRounds "4"]
[SourceTitle "Telechess CBM 137"]
[Source "ChessBase"]
[SourceDate "2010.07.15"]
[SourceVersion "1"]
[SourceVersionDate "2010.07.15"]
[SourceQuality "1"]
[WhiteTeam "Italy"]
[BlackTeam "US of America"]
[WhiteTeamCountry "ITA"]
[BlackTeamCountry "USA"]

1. e4 e5 2. Nf3 Nf6 3. d4 Nxe4 4. Bd3 d5 5. Nxe5 Bd6 6. 0-0 0-0 7. Qf3 c5 8. Nc3 f5 9. Nb5 cxd4 10. Bf4 Bc5 11. Rae1 a6 12. Na3 g5 13. Bc1 Bd6 14. Bxe4 fxe4 15. Qg3 Rf5 16. f4 Kh8 17. c3 d3 18. Be3 Nc6 19. Nxc6 bxc6 20. Rf2 c5 21. Nb1 Ra7 22. Bd2 Rg7 23. Qh3 gxf4 24. Kh1 Rg6 25. Qxf5 Bxf5 26. Bxf4 Bxf4 27. Rxf4 Rxg2 0-1

[Event "IECC CL6-2009.19 email"]
[Site "IECC email"]
[Date "2009.08.10"]
[Round "?"]
[White "Manis, Hugh"]
[Black "Stewart, Paul James"]
[Result "1-0"]
[WhiteElo "1284"]
[BlackElo "1321"]
[PlyCount "31"]
[EventDate "2009.??.??"]
[EventType "tourn (corr)"]
[EventRounds "4"]
[SourceTitle "Corr 2011"]
[Source "ChessBase"]
[SourceDate "2010.08.31"]
[SourceVersion "1"]
[SourceVersionDate "2010.08.31"]
[SourceQuality "1"]
[WhiteTeam "US of America"]
[BlackTeam "US of America"]
[WhiteTeamCountry "USA"]
[BlackTeamCountry "USA"]

1. c4 e6 2. Nc3 d5 3. Nf3 Nf6 4. d4 Bb4 5. cxd5 Nxd5 6. Qb3 Nc6 7. e4 Nb6 8. Bb5 Bxc3+ 9. Qxc3 Bd7 10. d5 exd5 11. Qxg7 Rf8 12. 0-0 dxe4 13. Ng5 Bf5 14. Qe5+ Be6 15. Nxh7 Ke7 16. Bg5+ 1-0

[Event "IECC CL6-2009.17 email"]
[Site "IECC email"]
[Date "2009.07.31"]
[Round "?"]
[White "Raba, Yosi"]
[Black "Manis, Hugh"]
[Result "1-0"]
[WhiteElo "1300"]
[BlackElo "1300"]
[PlyCount "45"]
[EventDate "2009.??.??"]
[EventType "tourn (corr)"]
[EventRounds "4"]
[SourceTitle "Corr 2011"]
[Source "ChessBase"]
[SourceDate "2010.08.31"]
[SourceVersion "1"]
[SourceVersionDate "2010.08.31"]
[SourceQuality "1"]
[WhiteTeam "Israel"]
[BlackTeam "US of America"]
[WhiteTeamCountry "ISR"]
[BlackTeamCountry "USA"]

1. e4 c5 2. Nf3 e6 3. d4 cxd4 4. Nxd4 Nf6 5. Nc3 Bb4 6. e5 Qc7 7. exf6 Bxc3+ 8. bxc3 Qxc3+ 9. Qd2 Qxa1 10. c3 Qb1 11. Bd3 Qb6 12. fxg7 Rg8 13. Qg5 Nc6 14. Bxh7 Ne7 15. Bxg8 Nxg8 16. Qh5 Ke7 17. Qh7 Qd8 18. Nb5 d5 19. Bg5+ f6 20. Bxf6+ Nxf6 21. g8Q+ Nxh7 22. Qxh7+ Ke8 23. Nc7+ 1-0